000 00306nam a2200121Ia 4500
008 220217s9999||||xx |||||||||||||| ||und||
082 _a004.165 PAL
100 _aPalan, N.G.
245 0 _aMicroprocessors,
260 _aTech-max publications
_bPune
_c2002
300 _b175
650 _aMICROPROCESSOR
999 _c172104
_d172104